000 01001nam a22002537a 4500
999 _c102245
_d102245
005 20230727111820.0
010 _aENG-118411 B-663884 ENG-137589
020 _a9788178243993
_c895.00
035 _aB-647741-745
035 _aEN-101943
035 _aB-663884
035 _aEN-121121
037 _aDPL
_bBook well
037 _bDBAD/PUB
082 _a230
100 _aDalmia, Vasudha
245 _aHindu pasts :
_bwomen,relgion,history/
_cby Vasudha Dalmia
260 _aRanikhet
_bPermanent Black
_c2015
270 _a'Himalayana',Mall Road,Ranikhet Cantt,
_bRanykhet
_e263645
300 _a366p.
_b23cm.(Hb)
942 _2ddc
_cEN
_mDAL
_h230